[Event "GRE-ch U14"]
[Site "Rio Achaia"]
[Date "2015.06.30"]
[Round "7.16"]
[White "Makris, Spyridon Dionysios"]
[Black "Theodoropoulos, Andreas"]
[Result "1-0"]
[WhiteElo "1497"]
[BlackElo "1135"]
[PlyCount "51"]
[EventDate "2015.06.26"]
[EventType "swiss"]
[EventRounds "9"]
[EventCountry "GRE"]
[SourceTitle "EXT 2024"]
[Source "ChessBase"]
[SourceDate "2023.10.10"]
[SourceVersion "1"]
[SourceVersionDate "2023.10.10"]
[SourceQuality "1"]

1. e4 d6 2. d4 Nf6 3. Nc3 g6 4. Be3 Bg7 5. Be2 0-0 6. h4 Nbd7 7. Qd2 Re8 8. 0-0-0 a6 9. h5 b5 10. hxg6 fxg6 11. e5 b4 12. Nb1 Nd5 13. Bh6 Bh8 14. Nf3 Nf8 15. Bxf8 Rxf8 16. Rxh7 Nf4 17. Rdh1 Bg7 18. g3 Nxe2+ 19. Qxe2 Bg4 20. Qe4 Rf5 21. Qxg4 Kf7 22. Ng5+ Rxg5 23. Qxg5 Qg8 24. e6+ Kf8 25. Qxg6 Rb8 26. Rxg7 1-0